Vainqueurs du challenge Yves du Manoir - Statistiques

Statistiques générales
  • Ce quiz a été pris 94 fois
  • Le résultat moyen est 12 sur 19
Statistiques - réponses
Edition Club % Correct
1934|1988|1993|1995 Stade toulousain
93%
1934|1970 RC Toulon
87%
1933 Lyon OU
83%
1938|1976|1986 AS Montferrand
80%
1964|1972|1975|1977 AS Béziers
74%
1937 Biarritz olympique
74%
1936|1980 Aviron bayonnais
73%
1996 CA Brive
73%
1939|1952| Section paloise
72%
1968|1973|1974|1978|1979|1984|1989|1990|1991 RC Narbonne
68%
1953|1954|1956|1966|1967|1981 FC Lourdes
66%
1935|1955|1994 USA Perpignan
66%
1957|1959|1969|1971|1982 US Dax
63%
1932|1963|1983|1992 SU Agen
61%
1960|1961|1962 Stade montois
59%
1987 FC Grenoble
57%
1985 RRC Nice
38%
1958 SC Mazamet
10%
1965 US Cognac
10%
Aucun quiz correspondant
Distribution des résultats
% des personnes avec chaque résultat
Percentile par nombre de réponses
Votre historique - résultats
Vous n’avez pas pris ce quiz